000 00546nam a2200181Ia 4500
999 _c22363
_d22363
003 OSt
005 20200515090738.0
008 190216s9999||||xx |||||||||||||| ||und||
020 _a8171510515
040 _coclc
082 _a297
_bMAH/I
100 _aMahmudunnasir, Syed
_92156
245 0 _aIslam It`S Concepts And History /
_cSyed Mahmudunnasir
260 _bKitab Bhavan,
_c1994.
_aNew Delhi:
300 _a424p
650 0 _aHistory & geography
_vIslamic History
_92271
942 _cBK
_2ddc
_h297
_iMAH/I
_k297
_mMAH/I